[Event "9. Malaga Open"]
[Site "Campillos ESP"]
[Date "2006.02.27"]
[Round "4.10"]
[White "Roeder, Mathias"]
[Black "Lopez Gonzalez, Daniel"]
[Result "1-0"]
[WhiteElo "2400"]
[BlackElo "2230"]
[PlyCount "73"]
[EventDate "2006.02.25"]
[EventType "swiss"]
[EventRounds "9"]
[EventCountry "ESP"]
[Source "lmi"]
[SourceDate "2006.03.05"]

1. Nf3 Nf6 2. c4 g6 3. Nc3 d5 4. cxd5 Nxd5 5. Qa4+ Bd7 6. Qh4 Nxc3 7. bxc3 Bg7
8. Rb1 b6 9. d4 h6 10. e4 c5 11. Bd2 cxd4 12. cxd4 Nc6 13. d5 Nd4 14. Nxd4 Bxd4
15. Bd3 e6 16. Qg3 exd5 17. O-O Kf8 18. e5 Be6 19. Bxg6 Rg8 20. Qd3 Rxg6 21.
Qxd4 Bh3 22. g3 Bxf1 23. Rxf1 Kg8 24. f4 Qh4 25. Rc1 Rd8 26. Rc7 Qg4 27. Bc3
Re6 28. Qd3 Ree8 29. Kg2 Rd7 30. h3 Qe6 31. f5 Qe7 32. f6 Qe6 33. Qe3 Kh7 34.
Bd2 Qxf6 35. Rxd7 Rxe5 36. Rxf7+ Qxf7 37. Qxe5 1-0

[Event "9. Malaga Open"]
[Site "Campillos ESP"]
[Date "2006.02.27"]
[Round "4.11"]
[White "Jaime Montalvan, Luis Felipe"]
[Black "Perez Candelario, Manuel"]
[Result "0-1"]
[WhiteElo "2242"]
[BlackElo "2511"]
[PlyCount "86"]
[EventDate "2006.02.25"]
[EventType "swiss"]
[EventRounds "9"]
[EventCountry "ESP"]
[Source "lmi"]
[SourceDate "2006.03.05"]

1. d4 d5 2. c4 e6 3. Nf3 Nf6 4. Nc3 dxc4 5. e3 c5 6. Bxc4 a6 7. a4 Nc6 8. O-O
cxd4 9. exd4 Be7 10. Bg5 O-O 11. Rc1 Nb4 12. Qb3 Nc6 13. Rfd1 Na5 14. Qa2 Nxc4
15. Qxc4 Bd7 16. Ne5 Rc8 17. Qb3 Bc6 18. Nxc6 bxc6 19. Qc4 a5 20. Bxf6 Bxf6 21.
Ne4 Be7 22. Qa6 Qd5 23. Nc5 Ra8 24. Qb7 Bg5 25. Nd7 Bxc1 26. Nxf8 Rxf8 27. Rxc1
Qxd4 28. b3 Qb2 29. Qxc6 Qxb3 30. h3 g6 31. Qd7 Qb8 32. Rc7 Qd8 33. Qc6 h5 34.
Rd7 Qb8 35. Rb7 Qe5 36. g3 Rd8 37. Rd7 Rb8 38. Rc7 Kg7 39. Qd7 Rb1+ 40. Kh2 Qf6
41. Qd2 h4 42. Rc3 Rf1 43. Kg2 Rxf2+ 0-1

[Event "9. Malaga Open"]
[Site "Campillos ESP"]
[Date "2006.02.27"]
[Round "4.12"]
[White "Colovic, Aleksandar"]
[Black "Cruz Alvarez de Ron, Dan"]
[Result "1-0"]
[WhiteElo "2245"]
[BlackElo "2244"]
[PlyCount "49"]
[EventDate "2006.02.25"]
[EventType "swiss"]
[EventRounds "9"]
[EventCountry "ESP"]
[Source "lmi"]
[SourceDate "2006.03.05"]

1. e4 e6 2. Nc3 d5 3. d4 dxe4 4. Nxe4 Bd7 5. Nf3 Bc6 6. Bd3 Nd7 7. O-O Be7 8.
Re1 Ngf6 9. Ned2 b6 10. Ne5 Nxe5 11. dxe5 Nd5 12. Qg4 Qd7 13. a3 g5 14. Ne4
O-O-O 15. Ba6+ Kb8 16. c4 Nf4 17. Bxf4 gxf4 18. Rad1 Rhg8 19. Qf3 Qxd1 20. Rxd1
Bxe4 21. Rxd8+ Rxd8 22. Qb3 Bc5 23. Kf1 Rd2 24. Ke1 Rxf2 25. Qd1 1-0

[Event "9. Malaga Open"]
[Site "Campillos ESP"]
[Date "2006.02.27"]
[Round "4.13"]
[White "Naranjo Moreno, Antonio"]
[Black "Saldaño, Horacio"]
[Result "1-0"]
[WhiteElo "2132"]
[BlackElo "2436"]
[PlyCount "129"]
[EventDate "2006.02.25"]
[EventType "swiss"]
[EventRounds "9"]
[EventCountry "ESP"]
[Source "lmi"]
[SourceDate "2006.03.05"]

1. e4 d5 2. exd5 Qxd5 3. Nc3 Qa5 4. Nf3 Nf6 5. d4 c6 6. Bc4 Bf5 7. O-O e6 8.
Ne2 Nbd7 9. Ng3 Bg4 10. h3 Bxf3 11. Qxf3 Bd6 12. Ne4 Nxe4 13. Qxe4 Nf6 14. Qf3
O-O 15. Be3 Nd5 16. Bd3 Nxe3 17. Qxe3 Qb6 18. Qe4 g6 19. Rab1 Rfd8 20. b4 Bf8
21. c3 Rd7 22. Rb3 a5 23. a3 axb4 24. axb4 Ra2 25. Bb1 Ra1 26. Bc2 Qa7 27. Rxa1
Qxa1+ 28. Bb1 Rd5 29. Qc2 e5 30. dxe5 Rxe5 31. Kf1 Qa8 32. Rb2 Qe8 33. Qd1 Bg7
34. Rd2 Bf6 35. Rd3 Qe6 36. Rd7 Kg7 37. Qd2 Bg5 38. Qd1 Be7 39. Rd2 Qc4+ 40.
Rd3 c5 41. bxc5 Bxc5 42. Qd2 Rf5 43. f3 Rd5 44. Ke2 Re5+ 45. Kd1 Qb3+ 46. Qc2
Qe6 47. Qd2 Be3 48. Ba2 Qe7 49. Qc2 Bf4 50. Qf2 Qa3 51. Qc2 Bg3 52. Rd7 Re1+
53. Kd2 Qc5 54. Rd4 Rg1 55. Kd3 Be5 56. Rd5 Qc7 57. Bc4 Bf6 58. Qd2 Qb6 59. Rd7
Qb1+ 60. Ke3 Qb6+ 61. Kf4 Kh6 62. Kg4+ g5 63. h4 Qc5 64. hxg5+ Bxg5 65. Rd6+
1-0

[Event "9. Malaga Open"]
[Site "Campillos ESP"]
[Date "2006.02.27"]
[Round "4.14"]
[White "Alonso, Rene"]
[Black "Nava Baro, Enrique"]
[Result "1/2-1/2"]
[WhiteElo "2392"]
[BlackElo "2217"]
[PlyCount "28"]
[EventDate "2006.02.25"]
[EventType "swiss"]
[EventRounds "9"]
[EventCountry "ESP"]
[Source "lmi"]
[SourceDate "2006.03.05"]

1. d4 Nf6 2. c4 e5 3. dxe5 Ng4 4. Nf3 Bc5 5. e3 Nc6 6. Be2 Ngxe5 7. Nc3 O-O 8.
O-O Nxf3+ 9. Bxf3 Ne5 10. Be2 a5 11. Kh1 d6 12. f4 Nd7 13. f5 f6 14. Qe1 Bb4
1/2-1/2

[Event "9. Malaga Open"]
[Site "Campillos ESP"]
[Date "2006.02.27"]
[Round "4.15"]
[White "Gullaksen, Eirik"]
[Black "Serna Lara, Sergio"]
[Result "1-0"]
[WhiteElo "2380"]
[BlackElo "2210"]
[PlyCount "47"]
[EventDate "2006.02.25"]
[EventType "swiss"]
[EventRounds "9"]
[EventCountry "ESP"]
[Source "lmi"]
[SourceDate "2006.03.05"]

1. e4 e6 2. d4 d5 3. Nc3 Bb4 4. e5 c5 5. a3 Bxc3+ 6. bxc3 Ne7 7. Qg4 O-O 8. Bd3
Qa5 9. Bd2 Nbc6 10. Nf3 f5 11. Qg3 Qa4 12. dxc5 Qa5 13. h4 Kh8 14. h5 Qxc5 15.
h6 g6 16. Qf4 Bd7 17. O-O Na5 18. c4 dxc4 19. Bb4 Nd5 20. Qh4 Qc7 21. Bxf8 Rxf8
22. Be2 b5 23. Ng5 Qxe5 24. Nf7+ 1-0

[Event "9. Malaga Open"]
[Site "Campillos ESP"]
[Date "2006.02.28"]
[Round "5.1"]
[White "Tratar, Marko"]
[Black "Cicak, Slavko"]
[Result "1/2-1/2"]
[WhiteElo "2466"]
[BlackElo "2500"]
[PlyCount "118"]
[EventDate "2006.02.25"]
[EventType "swiss"]
[EventRounds "9"]
[EventCountry "ESP"]
[Source "lmi"]
[SourceDate "2006.03.05"]

1. Nf3 g6 2. c4 Bg7 3. e4 e5 4. d4 exd4 5. Nxd4 Nc6 6. Be3 Qf6 7. Nxc6 dxc6 8.
Nc3 Qe7 9. Qd2 f5 10. exf5 Bxf5 11. O-O-O Nf6 12. Bd3 Rd8 13. Qe2 Rxd3 14. Rxd3
Bxd3 15. Qxd3 Ng4 16. Bd4 O-O 17. Bxg7 Qxg7 18. Qe2 Nxf2 19. Rf1 Qd4 20. Kc2
Rf5 21. h3 Kg7 22. a3 a6 23. a4 a5 24. Qe7+ Rf7 25. Qe2 h5 26. Re1 Nxh3 27. Rd1
Qc5 28. Ne4 Nf4 29. Nxc5 Nxe2 30. Rd2 Ng3 31. Nxb7 Rf4 32. b4 axb4 33. a5 Ne4
34. Rd7+ Kh6 35. a6 Rf1 36. Rxc7 Ra1 37. Rxc6 Ra3 38. Nd6 Nxd6 39. Rxd6 Rc3+
40. Kb2 Rxc4 41. a7 Rc8 42. Kb3 Ra8 43. Ra6 Kg5 44. Kxb4 Kf4 45. Kb5 Ke3 46.
Kb6 Kf2 47. Kb7 Rxa7+ 48. Kxa7 Kxg2 49. Rxg6+ Kf3 50. Rh6 Kg4 51. Kb6 h4 52.
Kc5 Kg3 53. Kd4 h3 54. Ke3 Kg2 55. Rg6+ Kf1 56. Rf6+ Kg1 57. Rh6 Kg2 58. Ke2 h2
59. Rg6+ Kh1 1/2-1/2

[Event "9. Malaga Open"]
[Site "Campillos ESP"]
[Date "2006.02.28"]
[Round "5.2"]
[White "Romanishin, Oleg"]
[Black "Hennigan, Michael"]
[Result "1/2-1/2"]
[WhiteElo "2552"]
[BlackElo "2400"]
[PlyCount "70"]
[EventDate "2006.02.25"]
[EventType "swiss"]
[EventRounds "9"]
[EventCountry "ESP"]
[Source "lmi"]
[SourceDate "2006.03.05"]

1. d4 Nf6 2. Nf3 g6 3. g3 Bg7 4. Bg2 O-O 5. O-O d6 6. a4 a5 7. Nc3 Nc6 8. Nb5
Bd7 9. Bg5 h6 10. Bxf6 Bxf6 11. Qd2 Bg7 12. Rad1 Nb4 13. e4 c6 14. Na3 b5 15.
c3 Na6 16. Rfe1 bxa4 17. Nc4 Qc7 18. Ra1 c5 19. d5 Rab8 20. Bf1 Bb5 21. Be2 Rb7
22. Nh4 Nb8 23. Na3 Bxe2 24. Qxe2 Nd7 25. Nc4 Ne5 26. Nxe5 Bxe5 27. Rxa4 Rfb8
28. Ra2 Rb3 29. Nf3 Bg7 30. Rc1 a4 31. Rc2 a3 32. Rxa3 Rxa3 33. bxa3 Rb3 34. c4
Rxa3 35. Ra2 Qa5 1/2-1/2

[Event "9. Malaga Open"]
[Site "Campillos ESP"]
[Date "2006.02.28"]
[Round "5.3"]
[White "Gonzales, Jayson"]
[Black "Quillan, Gary"]
[Result "1-0"]
[WhiteElo "2452"]
[BlackElo "2356"]
[PlyCount "65"]
[EventDate "2006.02.25"]
[EventType "swiss"]
[EventRounds "9"]
[EventCountry "ESP"]
[Source "lmi"]
[SourceDate "2006.03.05"]

1. d4 e6 2. Bf4 c5 3. e3 Nc6 4. c3 Nf6 5. Nd2 d5 6. Ngf3 Be7 7. Bd3 b6 8. Ne5
Nxe5 9. dxe5 Nd7 10. h4 Qc7 11. Nf3 h5 12. e4 Bb7 13. exd5 Bxd5 14. Qe2 g6 15.
Be4 Bxe4 16. Qxe4 Rc8 17. O-O Qc6 18. Qe2 c4 19. Bg5 Bxg5 20. Nxg5 Qd5 21. Rad1
Qxe5 22. Qf3 Qf6 23. Qb7 Rd8 24. Rd6 Ne5 25. Rxd8+ Qxd8 26. Re1 O-O 27. Rxe5
Qd1+ 28. Kh2 Qd2 29. Qf3 Qxb2 30. Qf6 Qc2 31. Nxe6 fxe6 32. Qxe6+ Kh8 33. Qe7
1-0

[Event "9. Malaga Open"]
[Site "Campillos ESP"]
[Date "2006.02.28"]
[Round "5.4"]
[White "Sahl, Bjarke"]
[Black "Teran Alvarez, Ismael"]
[Result "1/2-1/2"]
[WhiteElo "2381"]
[BlackElo "2446"]
[PlyCount "78"]
[EventDate "2006.02.25"]
[EventType "swiss"]
[EventRounds "9"]
[EventCountry "ESP"]
[Source "lmi"]
[SourceDate "2006.03.05"]

1. e4 c5 2. Nf3 e6 3. Nc3 a6 4. d4 cxd4 5. Nxd4 Qc7 6. Bd3 Nc6 7. Be3 Nf6 8.
O-O Nxd4 9. Bxd4 Bc5 10. Bxc5 Qxc5 11. Qe2 d6 12. Kh1 O-O 13. f4 e5 14. f5 b5
15. g4 Bb7 16. g5 Ne8 17. f6 g6 18. Nd5 Bxd5 19. exd5 e4 20. Bxe4 Nc7 21. Qd2
Rfe8 22. Rae1 Re5 23. Bf3 Rae8 24. Rxe5 Rxe5 25. Re1 Qc4 26. Kg2 Rxe1 27. Qxe1
Qxc2+ 28. Kg3 h5 29. h4 Qxb2 30. Qe7 Qc1 31. Qd8+ Kh7 32. Qxd6 Qe1+ 33. Kh3
Qf1+ 34. Bg2 Qd3+ 35. Kh2 Qc4 36. Qe7 Qxh4+ 37. Kg1 Qd4+ 38. Kh1 Qh4+ 39. Kg1
Qd4+ 1/2-1/2

[Event "9. Malaga Open"]
[Site "Campillos ESP"]
[Date "2006.02.28"]
[Round "5.5"]
[White "Perez Candelario, Manuel"]
[Black "Garcia Martinez, Silvino"]
[Result "1-0"]
[WhiteElo "2511"]
[BlackElo "2333"]
[PlyCount "75"]
[EventDate "2006.02.25"]
[EventType "swiss"]
[EventRounds "9"]
[EventCountry "ESP"]
[Source "lmi"]
[SourceDate "2006.03.05"]

1. e4 e6 2. d4 d5 3. Nd2 Nf6 4. e5 Nfd7 5. c3 c5 6. f4 Nc6 7. Ndf3 Be7 8. Bd3
cxd4 9. cxd4 Nb6 10. Ne2 f5 11. O-O O-O 12. Kh1 Bd7 13. Rg1 Be8 14. h3 Bg6 15.
a3 a5 16. Nc3 Qe8 17. Nb5 Qd7 18. Qe2 a4 19. Nc3 Na5 20. Bb5 Qd8 21. Nxa4 Nb3
22. Nxb6 Qxb6 23. Rb1 Nxd4 24. Nxd4 Qxd4 25. Be3 Qe4 26. Qd2 Be8 27. Bd3 Qa4
28. Rbc1 Bc6 29. Qf2 d4 30. Bxd4 Bd5 31. Rc3 b5 32. Bc5 Bxc5 33. Rxc5 Rab8 34.
Rgc1 h6 35. Rc7 Kh8 36. Ra7 Qb3 37. Qg3 Rg8 38. Rcc7 1-0

[Event "9. Malaga Open"]
[Site "Campillos ESP"]
[Date "2006.02.28"]
[Round "5.6"]
[White "Khamrakulov, Ibragim"]
[Black "Naranjo Moreno, Antonio"]
[Result "1-0"]
[WhiteElo "2499"]
[BlackElo "2132"]
[PlyCount "115"]
[EventDate "2006.02.25"]
[EventType "swiss"]
[EventRounds "9"]
[EventCountry "ESP"]
[Source "lmi"]
[SourceDate "2006.03.05"]

1. d4 Nf6 2. Nc3 d5 3. Bg5 h6 4. Bxf6 exf6 5. e4 Bb4 6. exd5 Bxc3+ 7. bxc3 Qxd5
8. Nf3 O-O 9. Be2 b6 10. c4 Qa5+ 11. Qd2 Nc6 12. Qxa5 Nxa5 13. Kd2 Re8 14. Rhe1
Ba6 15. Kc3 Re7 16. Bd3 Rae8 17. Rxe7 Rxe7 18. Rd1 Nb7 19. Nd2 Kf8 20. Rb1 Ke8
21. Rb3 Na5 22. Rb1 Nb7 23. c5 Bxd3 24. Kxd3 Na5 25. cxb6 axb6 26. Nf1 Nc6 27.
Ne3 Rd7 28. c3 Kf8 29. Kc4 g6 30. g4 Ne7 31. a4 Rd6 32. Kb5 Ke8 33. Kc4 Rd8 34.
Re1 Kd7 35. Kb3 Ra8 36. Rg1 Ra5 37. Rg3 f5 38. Nc4 Rd5 39. Ne5+ Ke6 40. Re3 Kf6
41. h4 Nc8 42. gxf5 gxf5 43. Nd3 Ne7 44. Nf4 Rd7 45. Re5 c5 46. Kc4 cxd4 47.
cxd4 Ra7 48. Kb3 Rd7 49. Ne2 Nc6 50. Rb5 Nxd4+ 51. Nxd4 Rxd4 52. Rxb6+ Ke5 53.
a5 Rd1 54. Rxh6 Ra1 55. Kb4 f4 56. a6 f5 57. Rc6 Ke4 58. h5 1-0

[Event "9. Malaga Open"]
[Site "Campillos ESP"]
[Date "2006.02.28"]
[Round "5.7"]
[White "Vitor, Antonio"]
[Black "Colovic, Aleksandar"]
[Result "1/2-1/2"]
[WhiteElo "2354"]
[BlackElo "2459"]
[PlyCount "86"]
[EventDate "2006.02.25"]
[EventType "swiss"]
[EventRounds "9"]
[EventCountry "ESP"]
[Source "lmi"]
[SourceDate "2006.03.05"]

1. Nf3 c5 2. g3 g6 3. Bg2 Bg7 4. O-O Nc6 5. c3 d5 6. d4 cxd4 7. cxd4 e6 8. Nc3
Nge7 9. e3 O-O 10. b3 b6 11. Qd2 Ba6 12. Rd1 Qd7 13. Ba3 Rfc8 14. Rac1 Nf5 15.
Ne1 h5 16. Nd3 Bh6 17. Nb4 Nxb4 18. Bxb4 Rc6 19. Na4 Rac8 20. Ba3 Bf8 21. Rxc6
Rxc6 22. Bxf8 Kxf8 23. Rc1 Nd6 24. Qb2 Ke8 25. h4 Qc8 26. Rxc6 Qxc6 27. Qc3 Kd7
28. Qxc6+ Kxc6 29. Nc3 Nb5 30. Nxb5 Bxb5 31. Bf3 Bd3 32. Bd1 Bb5 33. a3 a5 34.
f3 a4 35. Kf2 axb3 36. Bxb3 Bc4 37. Bc2 Kb7 38. e4 Bb5 39. exd5 exd5 40. Bb3
Bc4 41. Bc2 Bb5 42. Bb3 Bc4 43. Bc2 Bb5 1/2-1/2

[Event "9. Malaga Open"]
[Site "Campillos ESP"]
[Date "2006.02.28"]
[Round "5.8"]
[White "Ivanov, Jordan"]
[Black "Bellon Lopez, Juan Manuel"]
[Result "1-0"]
[WhiteElo "2348"]
[BlackElo "2415"]
[PlyCount "65"]
[EventDate "2006.02.25"]
[EventType "swiss"]
[EventRounds "9"]
[EventCountry "ESP"]
[Source "lmi"]
[SourceDate "2006.03.05"]

1. Nf3 c5 2. c4 Nc6 3. Nc3 e5 4. e3 Nf6 5. a3 d6 6. Qc2 Be7 7. Be2 h6 8. O-O
Be6 9. d4 cxd4 10. exd4 exd4 11. Nb5 Bg4 12. h3 Bxf3 13. Bxf3 O-O 14. Bxc6 bxc6
15. Nxd4 Qd7 16. Bf4 d5 17. cxd5 cxd5 18. Rac1 Bd6 19. Bxd6 Qxd6 20. b4 a5 21.
Qc5 Qf4 22. b5 Ne4 23. Qxd5 Nxf2 24. Nc6 Qe3 25. Rce1 Nxh3+ 26. Kh2 Qxa3 27.
Rf3 Qb2 28. Kxh3 a4 29. Ref1 a3 30. Rxf7 Rxf7 31. Ne7+ Kh7 32. Qe4+ Rf5 33.
Rxf5 1-0

[Event "9. Malaga Open"]
[Site "Campillos ESP"]
[Date "2006.02.28"]
[Round "5.9"]
[White "Aguettaz, Maxime"]
[Black "Roeder, Mathias"]
[Result "0-1"]
[WhiteElo "2338"]
[BlackElo "2400"]
[PlyCount "66"]
[EventDate "2006.02.25"]
[EventType "swiss"]
[EventRounds "9"]
[EventCountry "ESP"]
[Source "lmi"]
[SourceDate "2006.03.05"]

1. Nf3 Nf6 2. g3 d5 3. Bg2 c6 4. c4 dxc4 5. Qc2 Qd5 6. Nc3 Qh5 7. Ne4 Nxe4 8.
Qxe4 Qd5 9. Qf4 f6 10. O-O e5 11. Qh4 g5 12. Qh5+ Qf7 13. Qxf7+ Kxf7 14. Ne1
Bc5 15. Kh1 h5 16. d3 h4 17. dxc4 Bg4 18. Nd3 Bxe2 19. Nxc5 h3 20. Re1 hxg2+
21. Kxg2 Bxc4 22. Nxb7 Bd5+ 23. Kg1 Na6 24. Nd6+ Ke6 25. Ne4 g4 26. h4 gxh3 27.
Kh2 Rad8 28. Nc3 Nb4 29. Re2 Bf3 30. Rd2 Nd3 31. Na4 e4 32. b3 Ne5 33. Nc5+ Kf5
0-1

[Event "9. Malaga Open"]
[Site "Campillos ESP"]
[Date "2006.02.28"]
[Round "5.10"]
[White "Rodriguez Lopez, Rafael"]
[Black "Gullaksen, Eirik"]
[Result "1-0"]
[WhiteElo "2267"]
[BlackElo "2380"]
[PlyCount "97"]
[EventDate "2006.02.25"]
[EventType "swiss"]
[EventRounds "9"]
[EventCountry "ESP"]
[Source "lmi"]
[SourceDate "2006.03.05"]

1. c4 g6 2. Nf3 Bg7 3. Nc3 d6 4. e3 e5 5. Be2 Nc6 6. O-O f5 7. d3 Nf6 8. Rb1 a5
9. a3 O-O 10. b4 axb4 11. axb4 Kh8 12. b5 Ne7 13. Bb2 Be6 14. Qc2 h6 15. Ra1
Qd7 16. Nd2 g5 17. Bf3 c6 18. bxc6 bxc6 19. Ba3 Ra6 20. Bb2 Rfa8 21. Rxa6 Rxa6
22. Ra1 Rxa1+ 23. Bxa1 f4 24. exf4 gxf4 25. Nce4 Nxe4 26. Nxe4 Nf5 27. g3 Qa7
28. Qb1 fxg3 29. Nxg3 Nxg3 30. hxg3 d5 31. cxd5 Bxd5 32. Bg2 Bxg2 33. Kxg2 Qc5
34. Qe1 Qd5+ 35. Qe4 Qxe4+ 36. dxe4 h5 37. Kf3 Kg8 38. g4 hxg4+ 39. Kxg4 c5 40.
Kf5 c4 41. Ke6 Bh6 42. Kd5 Bf4 43. Kxc4 Kf7 44. Kd5 Kf6 45. Bc3 Bh2 46. Ba5 Ke7
47. Bc7 Kf6 48. Bd8+ Kf7 49. Bh4 1-0

[Event "9. Malaga Open"]
[Site "Campillos ESP"]
[Date "2006.02.28"]
[Round "5.12"]
[White "Rotstein, Arkadij"]
[Black "Fenollar Jorda, Manuel"]
[Result "1-0"]
[WhiteElo "2520"]
[BlackElo "2277"]
[PlyCount "57"]
[EventDate "2006.02.25"]
[EventType "swiss"]
[EventRounds "9"]
[EventCountry "ESP"]
[Source "lmi"]
[SourceDate "2006.03.05"]

1. Nf3 d5 2. c4 c6 3. d4 Nf6 4. e3 e6 5. Nbd2 Nbd7 6. b3 Bb4 7. Bd3 dxc4 8.
bxc4 Nc5 9. Bc2 Nce4 10. O-O Nxd2 11. Bxd2 Bxd2 12. Qxd2 c5 13. e4 cxd4 14. e5
Nd7 15. Qxd4 Qc7 16. Rad1 Nc5 17. Ng5 Bd7 18. Bxh7 O-O-O 19. Nxf7 Rxh7 20. Nxd8
Kxd8 21. Qf4 Ke7 22. Qg5+ Kf8 23. Rfe1 Be8 24. Re3 Rh5 25. Rf3+ Kg8 26. Qd8 Qc6
27. Qe7 Kh7 28. Rf8 Bg6 29. Rdd8 1-0

[Event "9. Malaga Open"]
[Site "Campillos ESP"]
[Date "2006.02.28"]
[Round "5.13"]
[White "Terron Elena, Francisco Miguel"]
[Black "Mariano, Nelson"]
[Result "1/2-1/2"]
[WhiteElo "2230"]
[BlackElo "2474"]
[PlyCount "61"]
[EventDate "2006.02.25"]
[EventType "swiss"]
[EventRounds "9"]
[EventCountry "ESP"]
[Source "lmi"]
[SourceDate "2006.03.05"]

1. d4 Nf6 2. c4 g6 3. Nc3 Bg7 4. e4 d6 5. Nf3 O-O 6. Be2 e5 7. O-O Nc6 8. d5
Ne7 9. Ne1 Ne8 10. Nd3 f5 11. Bd2 b6 12. f3 f4 13. g4 h5 14. h3 Kh8 15. Kg2 Ng8
16. b4 Bf6 17. a4 Bh4 18. a5 bxa5 19. Rxa5 Bg3 20. Be1 Qh4 21. Rh1 Rf7 22. Bf2
Bxf2 23. Nxf2 Rh7 24. Qg1 Nh6 25. Kf1 Nf7 26. Ke1 Ng5 27. Qg2 Nf6 28. Rg1 hxg4
29. hxg4 Kg8 30. Kd2 a6 31. Raa1 1/2-1/2

[Event "9. Malaga Open"]
[Site "Campillos ESP"]
[Date "2006.02.28"]
[Round "5.14"]
[White "Breivik, Lars"]
[Black "Alonso, Rene"]
[Result "1/2-1/2"]
[WhiteElo "2231"]
[BlackElo "2392"]
[PlyCount "132"]
[EventDate "2006.02.25"]
[EventType "swiss"]
[EventRounds "9"]
[EventCountry "ESP"]
[Source "lmi"]
[SourceDate "2006.03.05"]

1. d4 Nf6 2. Nf3 g6 3. Nc3 Bg7 4. e4 d6 5. Be3 a6 6. Qd2 b5 7. Bd3 Bb7 8. e5
Ng4 9. e6 fxe6 10. Ng5 Kd7 11. Be2 Nf6 12. Nf7 Qg8 13. Nxh8 Bxh8 14. f3 Nc6 15.
a4 b4 16. Ne4 Nd5 17. Bf2 Rf8 18. Bc4 Qg7 19. Rd1 h6 20. O-O g5 21. c3 g4 22.
fxg4 Qxg4 23. Ng3 Qg5 24. Qxg5 hxg5 25. Bxd5 exd5 26. Be3 Rg8 27. Rf5 g4 28.
Rdf1 Rg6 29. Rg5 Rxg5 30. Bxg5 Nxd4 31. cxd4 Bxd4+ 32. Kh1 Bxb2 33. Rb1 Ba3 34.
h4 gxh3 35. gxh3 Bc6 36. a5 Ba4 37. Bc1 Bc2 38. Bxa3 Bxb1 39. Bxb4 c5 40. Be1
d4 41. Kg2 Kc6 42. Kf3 Kd5 43. h4 c4 44. Ne2 e5 45. h5 Be4+ 46. Kg4 Bd3 47. Ng3
Ke6 48. Bb4 c3 49. Kf3 Kd5 50. h6 Bg6 51. Ne2 Bh7 52. Kf2 Kc6 53. Nxc3 dxc3 54.
Bxc3 Kb5 55. Ke3 Kc4 56. Kd2 Kb3 57. Ba1 Kc4 58. Bc3 Kd5 59. Ke3 Ke6 60. Bb4
Kd7 61. Ba3 Ke6 62. Bb4 d5 63. Bc3 Kd6 64. Bb2 d4+ 65. Bxd4 exd4+ 66. Kxd4 Kc6
1/2-1/2

[Event "9. Malaga Open"]
[Site "Campillos ESP"]
[Date "2006.02.28"]
[Round "5.15"]
[White "Lopez Gonzalez, Daniel"]
[Black "Gorbatow, Alexej"]
[Result "1/2-1/2"]
[WhiteElo "2230"]
[BlackElo "2381"]
[PlyCount "101"]
[EventDate "2006.02.25"]
[EventType "swiss"]
[EventRounds "9"]
[EventCountry "ESP"]
[Source "lmi"]
[SourceDate "2006.03.05"]

1. d4 a6 2. e4 d5 3. exd5 Qxd5 4. Nf3 Nf6 5. Be2 e6 6. O-O c5 7. c4 Qd6 8. Nc3
cxd4 9. Nxd4 Be7 10. Bf3 O-O 11. Be3 Nbd7 12. Qe2 Qc7 13. Rac1 Ne5 14. b3 Bd7
15. Rfd1 Rfd8 16. h3 Be8 17. Bf4 Nxf3+ 18. Qxf3 Qb6 19. Be3 Bc5 20. Nc2 Bxe3
21. Qxe3 Qc7 22. Nd4 Qe5 23. Nc2 Rxd1+ 24. Rxd1 Rc8 25. Rd3 b5 26. b4 Qc7 27.
c5 Bc6 28. Nd4 Bb7 29. f3 g6 30. Nde2 Nd5 31. Nxd5 Bxd5 32. Nc3 Bc4 33. Rd6 a5
34. a3 axb4 35. axb4 Re8 36. Qd4 Qe7 37. f4 Bd5 38. Nxd5 exd5 39. Rxd5 h5 40.
Kh2 h4 41. Rd7 Qe1 42. Rd8 Rxd8 43. Qxd8+ Kh7 44. Qg5 Qxb4 45. Qxh4+ Kg7 46.
Qf2 Qc3 47. f5 Qe5+ 48. g3 b4 49. c6 b3 50. c7 Qxc7 51. Qb2+ 1/2-1/2

[Event "9. Malaga Open"]
[Site "Campillos ESP"]
[Date "2006.03.01"]
[Round "6.1"]
[White "Cicak, Slavko"]
[Black "Gonzales, Jayson"]
[Result "1-0"]
[WhiteElo "2500"]
[BlackElo "2452"]
[PlyCount "81"]
[EventDate "2006.02.25"]
[EventType "swiss"]
[EventRounds "9"]
[EventCountry "ESP"]
[Source "lmi"]
[SourceDate "2006.03.05"]

1. e4 Nc6 2. Nf3 d6 3. d4 Nf6 4. Nc3 Bg4 5. Be3 a6 6. d5 Nb8 7. h3 Bxf3 8. Qxf3
g6 9. O-O-O Bg7 10. g4 Nbd7 11. Qg3 c6 12. Be2 Qa5 13. f4 Rc8 14. Bd4 cxd5 15.
e5 Ne4 16. Nxe4 dxe4 17. e6 Nf6 18. exf7+ Kf8 19. Qb3 Qc7 20. g5 Nd7 21. Bg4
Bxd4 22. Rxd4 Nc5 23. Qc3 Kxf7 24. Bxc8 Rxc8 25. Kb1 Qd7 26. h4 d5 27. h5 Ne6
28. hxg6+ hxg6 29. Rh7+ Ng7 30. Rc4 Rg8 31. Rc7 Qf5 32. Qb4 Qe6 33. Qxb7 e3 34.
Rc6 Qg4 35. Rf6+ Ke8 36. Qa8+ Kd7 37. Qxd5+ Kc7 38. Rc6+ Kb7 39. Rc3+ Kb6 40.
Rb3+ Kc7 41. Rb7+ 1-0

[Event "9. Malaga Open"]
[Site "Campillos ESP"]
[Date "2006.03.01"]
[Round "6.2"]
[White "Romanishin, Oleg"]
[Black "Tratar, Marko"]
[Result "1/2-1/2"]
[WhiteElo "2552"]
[BlackElo "2466"]
[PlyCount "35"]
[EventDate "2006.02.25"]
[EventType "swiss"]
[EventRounds "9"]
[EventCountry "ESP"]
[Source "lmi"]
[SourceDate "2006.03.05"]

1. d4 Nf6 2. Nf3 g6 3. g3 Bg7 4. Bg2 O-O 5. c4 d6 6. O-O c6 7. Nc3 Bf5 8. Qb3
Qb6 9. Be3 Qxb3 10. axb3 Na6 11. h3 h6 12. Rfc1 Rfe8 13. Ne1 Bd7 14. Nd3 Nc7
15. b4 a6 16. Na4 Bf5 17. Ne1 g5 18. Nb6 1/2-1/2

[Event "9. Malaga Open"]
[Site "Campillos ESP"]
[Date "2006.03.01"]
[Round "6.3"]
[White "Hennigan, Michael"]
[Black "Perez Candelario, Manuel"]
[Result "1/2-1/2"]
[WhiteElo "2400"]
[BlackElo "2511"]
[PlyCount "58"]
[EventDate "2006.02.25"]
[EventType "swiss"]
[EventRounds "9"]
[EventCountry "ESP"]
[Source "lmi"]
[SourceDate "2006.03.05"]

1. g3 d5 2. Bg2 Nf6 3. d3 e5 4. Nf3 Bd6 5. O-O O-O 6. Nc3 c6 7. e4 dxe4 8. dxe4
Na6 9. a4 Re8 10. Be3 Qc7 11. h3 Be6 12. Nd2 Rad8 13. Qe2 Nb4 14. Rfc1 Nd7 15.
f3 Bc5 16. a5 Qd6 17. Na4 Bd4 18. c3 Bxe3+ 19. Qxe3 Nd3 20. Rd1 N7c5 21. Nxc5
Qxc5 22. Qxc5 Nxc5 23. b4 Nd3 24. Rab1 Ba2 25. Ra1 Nb2 26. Rdc1 Be6 27. Rc2 Nd3
28. Nf1 c5 29. b5 g6 1/2-1/2

[Event "9. Malaga Open"]
[Site "Campillos ESP"]
[Date "2006.03.01"]
[Round "6.4"]
[White "Rivas Pastor, Manuel"]
[Black "Sahl, Bjarke"]
[Result "1-0"]
[WhiteElo "2502"]
[BlackElo "2381"]
[PlyCount "94"]
[EventDate "2006.02.25"]
[EventType "swiss"]
[EventRounds "9"]
[EventCountry "ESP"]
[Source "lmi"]
[SourceDate "2006.03.05"]

1. d4 Nf6 2. Nf3 e6 3. c4 c5 4. g3 cxd4 5. Nxd4 Nc6 6. Bg2 Bc5 7. Nb3 Be7 8.
Nc3 O-O 9. O-O d6 10. Bf4 Qd7 11. a4 Rd8 12. a5 d5 13. cxd5 Nxd5 14. Nxd5 exd5
15. Rc1 Bf6 16. Qd2 a6 17. Rfd1 Qe7 18. Bxd5 Bh3 19. e4 Nb4 20. Nc5 Nc6 21. Qe2
g6 22. Bxc6 bxc6 23. b4 Bd4 24. Be3 Bxc5 25. Bxc5 Qf6 26. f3 h5 27. Kf2 Be6 28.
h4 Bb3 29. Rxd8+ Rxd8 30. Be3 Qe6 31. Kg2 Ba4 32. Qc4 Qxc4 33. Rxc4 f6 34. g4
Rd3 35. Kf2 Kf7 36. g5 f5 37. exf5 gxf5 38. Rc5 Ke6 39. Bf4 Rd5 40. Rc3 Rd4 41.
Kg3 Bb5 42. Re3+ Kf7 43. Re5 Rd5 44. Re1 Rd3 45. Be5 Bc4 46. Bf6 Be6 47. Kf4
Rd5 1-0